Starting electronics
| Main Author: | |
|---|---|
| Format: | Book |
| Published: |
Oxford :
Butterworth Heinamann Ltd ,
1994
|
| Series: | The Maplin series
|
| Subjects: |
MARC
| LEADER | 00000cam a2200000 7i4500 | ||
|---|---|---|---|
| 001 | 0000008901 | ||
| 002 | 000009701 | ||
| 005 | 20000330.0 | ||
| 020 | |a 0750620536 | ||
| 090 | 0 | 0 | |a 621.381 |b BRI |
| 100 | 1 | |a Brindley, Keith | |
| 245 | 1 | 0 | |a Starting electronics |c Keith Brindley |
| 260 | |a Oxford : |b Butterworth Heinamann Ltd , |c 1994 | ||
| 300 | |a 222p. ; |c 19cm. | ||
| 490 | 0 | |a The Maplin series | |
| 650 | 0 | 0 | |a Electronic circuit design |
| 999 | |a 044317 |b BUKU |c PINJAMAN |e PERPUSTAKAAN KOMUNITI PETALING JAYA | ||